[Event "Mittelfranken-chTB2b 1415"]
[Site "Mittelfranken"]
[Date "2015.04.19"]
[Round "9.8"]
[White "Seel, Manfred"]
[Black "Braun, Kristin"]
[Result "0-1"]
[WhiteElo "1569"]
[BlackElo "1781"]
[PlyCount "54"]
[EventDate "2014.09.28"]
[EventType "team-tourn"]
[EventRounds "9"]
[EventCountry "GER"]
[SourceTitle "EXT 2020"]
[Source "ChessBase"]
[SourceDate "2019.10.17"]
[SourceVersion "1"]
[SourceVersionDate "2019.10.17"]
[SourceQuality "1"]
[WhiteTeam "Kirchehren/Eberm"]
[BlackTeam "Forchheim III"]
[WhiteTeamCountry "GER"]
[BlackTeamCountry "GER"]

1. c4 Nf6 2. Nf3 g6 3. g3 Bg7 4. Bg2 d6 5. 0-0 0-0 6. d4 Nbd7 7. Nc3 e5 8. Bg5 h6 9. Be3 Ng4 10. Bc1 f5 11. e4 exd4 12. Nxd4 Nge5 13. exf5 Nc5 14. fxg6 Ned3 15. Nde2 Bf5 16. a3 Bxg6 17. b4 Nxc1 18. Rxc1 Nd3 19. Ra1 c6 20. Qb3 Qe7 21. Rad1 Rae8 22. Rd2 Rxf2 23. Rxf2 Nxf2 24. Kxf2 Qe3+ 25. Kf1 Qxd2 26. Qd1 Bxc3 27. Qxd2 Bxd2 0-1